L'esprit chrétien et le patriotisme / (Record no. 166400)

MARC details
000 -LEADER
campo de control de longitud fija 00751nam a22002175i 4500
001 - NÚMERO DE CONTROL
campo de control 166400
003 - IDENTIFICADOR DE NÚMERO DE CONTROL
campo de control ES-MaACL
005 - FECHA Y HORA DE LA ÚLTIMA TRANSACCIÓN
campo de control 20250801034207.0
008 - DATOS DE LONGITUD FIJA--INFORMACIÓN GENERAL
campo de control de longitud fija 940206s1894 fr |||| | fre d
040 ## - FUENTE DE CATALOGACIÓN
Centro catalogador/agencia de origen CAM
Lengua de catalogación spa
100 1# - ENTRADA PRINCIPAL--NOMBRE DE PERSONA
Nombre de persona Tolstói, Lev,
Fechas asociadas al nombre 1828-1910
9 (RLIN) 110489
245 12 - MENCIÓN DEL TÍTULO
Título L'esprit chrétien et le patriotisme /
Mención de responsabilidad, etc. comte Léon Tolstoí.
250 ## - MENCION DE EDICION
Mención de edición Ed. originale.
260 ## - PUBLICACIÓN, DISTRIBUCIÓN, ETC.
Lugar de publicación, distribución, etc. Paris :
Nombre del editor, distribuidor, etc. Perrin et Cie.,
Fecha de publicación, distribución, etc. 1894.
300 ## - DESCRIPCIÓN FÍSICA
Extensión 182, [2] p. ;
Dimensiones 19 cm.
650 #4 - PUNTO DE ACCESO ADICIONAL DE MATERIA--TÉRMINO DE MATERIA
Término de materia o nombre geográfico como elemento de entrada Patriotismo.
9 (RLIN) 136670
650 #7 - PUNTO DE ACCESO ADICIONAL DE MATERIA--TÉRMINO DE MATERIA
Término de materia o nombre geográfico como elemento de entrada Cristianismo
Fuente del encabezamiento o término embne
9 (RLIN) 11425
700 01 - ENTRADA AGREGADA--NOMBRE PERSONAL
Nombre de persona Perrin,
Término indicativo de función/relación
9 (RLIN) 131045
852 ## - LOCALIZACIÓN
Ubicación ES-MaACL
Número de control de estantería F-9255
Nota libre -- Enc. hol. conservando la cub. original
Encuadernación -- Edic.: En colofón consta el imp.: Tours : Imprimerie Deslis frères
Holdings
Estatus retirado Estado de pérdida Estado de daño No para préstamo Colección Biblioteca de origen Biblioteca actual Ubicación en estantería Fecha de adquisición Fuente de adquisición Total de préstamos Signatura topográfica completa Código de barras Visto por última vez Precio de reemplazo Tipo de ítem Koha
        Libros del s. XIX Biblioteca del Ateneo de Madrid Biblioteca del Ateneo de Madrid Sala Pecera Planta 2 17/01/2008     F-9255 1174521 23/02/2023 23/02/2023 Libro impreso antiguo